Random City to U.S. State - 100K+ - Statistics

General Stats
  • This quiz has been taken 56 times
  • The average score is 16 of 20
Answer Stats
City Population State % Correct
Huntsville 286,692 Alabama
100%
Avondale 197,041 Arizona
100%
Phoenix 3,629,114 Arizona
100%
Fort Smith 122,947 Arkansas
100%
Modesto 358,172 California
100%
San Diego 2,956,746 California
100%
San Francisco 3,281,212 California
100%
Santa Barbara 195,861 California
100%
Stockton 370,583 California
100%
Victorville 328,454 California
100%
Boulder 114,591 Colorado
100%
Fort Collins 264,465 Colorado
100%
Gainesville 187,781 Florida
100%
Jacksonville 1,065,219 Florida
100%
Kissimmee 314,071 Florida
100%
Ocala 156,909 Florida
100%
Palm Bay 452,719 Florida
100%
Palm Coast 349,064 Florida
100%
Panama City 143,280 Florida
100%
Sarasota 643,260 Florida
100%
Gainesville 130,846 Georgia
100%
Honolulu 802,459 Hawaii
100%
Chicago 8,608,208 Illinois
100%
Rockford 296,863 Illinois
100%
Lafayette 147,725 Indiana
100%
Cedar Rapids 177,844 Iowa
100%
Lexington 290,263 Kentucky
100%
Lake Charles 143,440 Louisiana
100%
Shreveport 298,317 Louisiana
100%
Boston 4,181,019 Massachusetts
100%
New Bedford 149,443 Massachusetts
100%
Worchester 486,514 Massachusetts
100%
Ann Arbor 306,022 Michigan
100%
Lansing 313,532 Michigan
100%
Minneapolis 2,650,890 Minnesota
100%
Rochester 107,677 Minnesota
100%
St. Cloud 110,621 Minnesota
100%
Jackson 351,478 Mississippi
100%
Las Cruces 128,600 New Mexico
100%
Albany 594,962 New York
100%
Buffalo 935,906 New York
100%
Syracuse 412,317 New York
100%
Raleigh 884,891 North Carolina
100%
Wilmington 219,257 North Carolina
100%
Fargo 176,676 North Dakota
100%
Columbus 1,368,035 Ohio
100%
Youngstown 387,550 Ohio
100%
Tulsa 655,479 Oklahoma
100%
Allentown 664,651 Pennsylvania
100%
Scranton 381,502 Pennsylvania
100%
Charleston 548,404 South Carolina
100%
Sioux Falls 156,777 South Dakota
100%
Nashville 969,587 Tennessee
100%
Abilene 110,421 Texas
100%
Beaumont 147,922 Texas
100%
McAllen 728,825 Texas
100%
San Antonio 1,758,210 Texas
100%
Tyler 130,247 Texas
100%
Ogden 546,026 Utah
100%
Provo 482,819 Utah
100%
Richmond 953,556 Virginia
100%
Eau Claire 102,852 Wisconsin
100%
La Crosse 100,868 Wisconsin
100%
Racine 133,700 Wisconsin
100%
Warner Robins 133,109 Georgia
50%
Bloomington 132,600 Illinois
50%
Lafayette 252,720 Louisiana
50%
Muskegon 161,280 Michigan
50%
Manchester 158,337 New Hampshire
50%
Birmingham 749,495 Alabama
0%
Mobile 326,183 Alabama
0%
Montgomery 263,907 Alabama
0%
Tuscaloosa 139,114 Alabama
0%
Anchorage 251,243 Alaska
0%
Tucson 843,168 Arizona
0%
Yuma 135,267 Arizona
0%
Fayetteville 295,083 Arkansas
0%
Little Rock 431,388 Arkansas
0%
Antioch 277,634 California
0%
Bakersfield 523,994 California
0%
Concord 615,968 California
0%
El Centro 107,672 California
0%
Fairfield 133,683 California
0%
Fresno 654,628 California
0%
Hemet 163,379 California
0%
Indio 345,580 California
0%
Lancaster 341,219 California
0%
Los Angeles 12,150,996 California
0%
Merced 136,969 California
0%
Mission Viejo 583,681 California
0%
Murrieta 441,546 California
0%
Oxnard 367,260 California
0%
Redding 117,731 California
0%
Riverside 1,932,666 California
0%
Sacramento 1,723,634 California
0%
Salinas 184,809 California
0%
San Jose 1,664,496 California
0%
Santa Clarita 258,653 California
0%
Santa Cruz 163,703 California
0%
Santa Maria 130,447 California
0%
Santa Rosa 308,231 California
0%
Seaside 114,237 California
0%
Simi Valley 125,206 California
0%
Thousand Oaks 214,811 California
0%
Vallejo 165,074 California
0%
Visalia 219,454 California
0%
Yuba City 116,719 California
0%
Colorado Springs 559,409 Colorado
0%
Denver 2,374,203 Colorado
0%
Grand Junction 128,124 Colorado
0%
Greeley 117,825 Colorado
0%
Pueblo 136,550 Colorado
0%
Bridgeport 923,311 Connecticut
0%
Danbury 168,136 Connecticut
0%
Hartford 924,859 Connecticut
0%
New Haven 562,839 Connecticut
0%
Norwich 209,190 Connecticut
0%
Waterbury 194,535 Connecticut
0%
Dover 110,769 Delaware
0%
Bonita Springs 310,298 Florida
0%
Cape Coral 530,290 Florida
0%
Deltona 182,169 Florida
0%
Fort Walton Beach 191,917 Florida
0%
Lady Lake 112,991 Florida
0%
Lakeland 262,596 Florida
0%
Leesburg 131,337 Florida
0%
Miami 5,502,379 Florida
0%
North Port 169,531 Florida
0%
Orlando 1,510,516 Florida
0%
Penascola 340,067 Florida
0%
Port St. Lucie 376,047 Florida
0%
Sebastian 149,422 Florida
0%
Spring Hill 148,220 Florida
0%
Tallahassee 240,223 Florida
0%
Tampa 2,441,770 Florida
0%
Winter Haven 201,289 Florida
0%
Athens 128,754 Georgia
0%
Atlanta 4,515,419 Georgia
0%
Augusta 386,787 Georgia
0%
Columbus 253,602 Georgia
0%
Macon 136,570 Georgia
0%
Savannah 260,677 Georgia
0%
Kailua 113,682 Hawaii
0%
Boise City 349,684 Idaho
0%
Nampa 151,499 Idaho
0%
Champaign 145,361 Illinois
0%
Peoria 266,921 Illinois
0%
Round Lake Beach 290,373 Illinois
0%
Springfield 161,316 Illinois
0%
Bloomington 108,657 Indiana
0%
Elkhart 143,592 Indiana
0%
Evansville 229,351 Indiana
0%
Fort Wayne 313,492 Indiana
0%
Indianapolis 1,487,483 Indiana
0%
South Bend 278,165 Indiana
0%
Davenport 280,051 Iowa
0%
Des Moines 450,070 Iowa
0%
Iowa City 106,621 Iowa
0%
Sioux City 106,494 Iowa
0%
Waterloo 113,418 Iowa
0%
Topeka 150,003 Kansas
0%
Wichita 472,870 Kansas
0%
Louisville 972,546 Kentucky
0%
Baton Rouge 594,309 Louisiana
0%
Houma 144,875 Louisiana
0%
Monroe 116,533 Louisiana
0%
New Orleans 899,703 Louisiana
0%
Portland 203,914 Maine
0%
Aberdeen 213,751 Maryland
0%
Baltimore 2,203,663 Maryland
0%
Frederick 141,576 Maryland
0%
Hagerstown 182,696 Maryland
0%
Waldorf 109,919 Maryland
0%
Barnstable Town 246,695 Massachusetts
0%
Leominster 116,960 Massachusetts
0%
Springfield 621,300 Massachusetts
0%
Detroit 3,734,090 Michigan
0%
Flint 356,218 Michigan
0%
Grand Rapids 569,935 Michigan
0%
Kalamazoo 209,703 Michigan
0%
Saginaw 126,265 Michigan
0%
South Lyon 119,509 Michigan
0%
Duluth 120,378 Minnesota
0%
Gulfport 208,948 Mississippi
0%
Kansas City 1,519,417 Missouri
0%
Springfield 273,724 Missouri
0%
St. Louis 2,150,706 Missouri
0%
Billings 114,773 Montana
0%
Lincoln 258,719 Nebraska
0%
Omaha 725,008 Nebraska
0%
Las Vegas 1,886,011 Nevada
0%
Reno 392,141 Nevada
0%
Nashua 226,400 New Hampshire
0%
Atlantic City 248,402 New Jersey
0%
Trenton 296,668 New Jersey
0%
Albuquerque 741,318 New Mexico
0%
Binghampton 158,084 New York
0%
New York City 18,351,219 New York
0%
Poughkeepsie 423,566 New York
0%
Rochester 720,572 New York
0%
Utica 117,328 New York
0%
Asheville 280,648 North Carolina
0%
Burlington 119,911 North Carolina
0%
Charlotte 1,249,442 North Carolina
0%
Concord 214,881 North Carolina
0%
Durham 347,602 North Carolina
0%
Fayetteville 310,282 North Carolina
0%
Gastonia 169,495 North Carolina
0%
Greensboro 311,810 North Carolina
0%
Greenville 117,798 North Carolina
0%
Hickory 212,195 North Carolina
0%
High Point 166,485 North Carolina
0%
Jacksonville 105,419 North Carolina
0%
Winston-Salem 391,024 North Carolina
0%
Akron 569,499 Ohio
0%
Canton 279,245 Ohio
0%
Cincinnati 1,624,827 Ohio
0%
Cleveland 1,780,673 Ohio
0%
Dayton 724,091 Ohio
0%
Lorain 180,956 Ohio
0%
Toledo 507,643 Ohio
0%
Norman 103,898 Oklahoma
0%
Oklahoma City 861,505 Oklahoma
0%
Eugene 247,421 Oregon
0%
Medford 154,081 Oregon
0%
Portland 1,849,818 Oregon
0%
Salem 236,632 Oregon
0%
Erie 196,611 Pennsylvania
0%
Harrisburg 444,474 Pennsylvania
0%
Lancaster 402,004 Pennsylvania
0%
Philadelphia 5,441,567 Pennsylvania
0%
Pittsburgh 1,733,853 Pennsylvania
0%
Pottstown 107,682 Pennsylvania
0%
Reading 266,254 Pennsylvania
0%
York 232,045 Pennsylvania
0%
Providence 1,190,956 Rhode Island
0%
Columbia 549,777 South Carolina
0%
Greenville 400,492 South Carolina
0%
Maudlin 130,577 South Carolina
0%
Myrtle Beach 215,304 South Carolina
0%
Rock Hill 104,996 South Carolina
0%
Spartanburg 180,786 South Carolina
0%
Chattanooga 381,112 Tennessee
0%
Clarksville 158,655 Tennessee
0%
Johnson City 120,415 Tennessee
0%
Kingsport 106,571 Tennessee
0%
Knoxville 558,696 Tennessee
0%
Memphis 1,060,061 Tennessee
0%
Murfreesboro 133,228 Tennessee
0%
Amerillo 196,651 Texas
0%
Austin 1,362,416 Texas
0%
Brownsville 217,585 Texas
0%
College Station 171,345 Texas
0%
Conroe 239,938 Texas
0%
Corpus Christi 320,069 Texas
0%
Dallas 5,121,892 Texas
0%
Denton 366,174 Texas
0%
El Paso 803,086 Texas
0%
Harlingen 135,663 Texas
0%
Houston 4,944,332 Texas
0%
Killeen 217,630 Texas
0%
Laredo 235,730 Texas
0%
Lubbock 237,356 Texas
0%
McKinney 170,030 Texas
0%
Midland 117,807 Texas
0%
Odessa 126,405 Texas
0%
Port Arthur 153,150 Texas
0%
Texas City 106,383 Texas
0%
Waco 172,378 Texas
0%
Salt Lake City 1,021,283 Utah
0%
Burlington 108,740 Vermont
0%
Fredericksburg 141,238 Virginia
0%
Lynchburg 116,636 Virginia
0%
Roanoke 210,111 Virginia
0%
Virginia Beach 1,439,666 Virginia
0%
Bellingham 114,473 Washington
0%
Bremerton 198,979 Washington
0%
Kennewick 210,975 Washington
0%
Marysville 145,140 Washington
0%
Olympia 176,617 Washington
0%
Seattle 3,059,393 Washington
0%
Spokane 387,847 Washington
0%
Yakima 129,534 Washington
0%
Charleston 153,199 West Virginia
0%
Huntington 202,637 West Virginia
0%
Appleton 216,154 Wisconsin
0%
Green Bay 206,520 Wisconsin
0%
Kenosha 124,064 Wisconsin
0%
Madison 401,661 Wisconsin
0%
Milwaukee 1,376,476 Wisconsin
0%
No matching quizzes found
Score Distribution
Percent of People with Each Score
Percentile by Number Answered
Your Score History
You have not taken this quiz